Cuadros de costumbres / Salomé Jil (José Milla)

Gardado en:
Detalles Bibliográficos
Autor Principal: Milla, José
Formato: Libro
Idioma:Undetermined
Publicado: Guatemala MEP 1952
Edición:5
Materias:
Etiquetas: Engadir etiqueta
Sen Etiquetas, Sexa o primeiro en etiquetar este rexistro!

MARC

LEADER 00000nam a2200000Ia 4500
008 170316s9999 xx 000 0 und d
040 |a cru BVZT 
090 |a 860 M-20.1c v.4 
100 |a Milla, José 
245 |a Cuadros de costumbres / Salomé Jil (José Milla) 
250 |a 5 
260 |a Guatemala 
260 |b MEP 
260 |c 1952 
300 |a 533 páginas Tomo IV. Volumen 30 
650 |a LITERATURA LATINOAMERICANA 
999 |c 8929  |d 8929 
942 |c 15 D  |h 860 M-20.1c v.4  |2 z